|
|
|
|
| LEADER |
00000cas a2200000 a 4500 |
| 003 |
Ucuenca |
| 005 |
20230308204039.0 |
| 008 |
010011|2009 mx |||||r|||||||||||spa|| |
| 040 |
|
|
|b spa
|
| 041 |
1 |
|
|a spa
|
| 082 |
0 |
|
|a 805
|b F818n
|
| 110 |
2 |
|
|a Frente de Afirmación Hispanista.
|9 2148
|
| 245 |
|
|
|a Norte. Revista Hispano-Americana
|h imp
|
| 264 |
|
|
|a México
|b Frente de Afirmación Hispanista
|c Septiembre diciembre 2009
|
| 300 |
|
|
|a páginas: 24-33
|c 28 cm
|
| 362 |
|
|
|a no. 471-472 (septiembre diciembre 2009)
|
| 504 |
|
|
|a incl. ref.
|
| 650 |
|
|
|a Poesia hispana
|9 19458
|
| 650 |
|
|
|a Revista norte
|9 2144
|
| 852 |
|
|
|a UC-CDJBV
|f Donación
|l 1
|m General
|p 20100118
|q 1,00
|r 2
|b 0
|d CDRC
|e CDRC
|g 805 F818n TERCER PISO (SECCION REVISTAS)
|z 2010-00-11
|
| 942 |
|
|
|c SER
|
| 999 |
|
|
|c 107632
|d 107632
|